LEADER 00801nam0-22003011i-450- 001 990001053870403321 010 $a0-691-08472-6 035 $a000105387 035 $aFED01000105387 035 $a(Aleph)000105387FED01 035 $a000105387 100 $a20000920d1987----km-y0itay50------ba 101 0 $aeng 200 1 $aInside Relativity$fby Delo E. Mook and Thomas Vargish 210 $aPrinceton [N.J.]$cCambridge University Press$d1987 610 0 $aRelatività 610 0 $aGravità 676 $a530.11 700 1$aMook,$bDelo E.$050225 702 1$aVargish,$bThomas 801 0$aIT$bUNINA$gRICA$2UNIMARC 901 $aBK 912 $a990001053870403321 952 $a23-177$b15152$fFI1 959 $aFI1 996 $aInside Relativity$9340833 997 $aUNINA DB $aING01 LEADER 02217nam 2200517 a 450 001 9910791958603321 005 20200520144314.0 010 $a1-61728-339-8 035 $a(CKB)2560000000081137 035 $a(EBL)3019872 035 $a(SSID)ssj0000693746 035 $a(PQKBManifestationID)12347977 035 $a(PQKBTitleCode)TC0000693746 035 $a(PQKBWorkID)10667101 035 $a(PQKB)10114972 035 $a(MiAaPQ)EBC3019872 035 $a(Au-PeEL)EBL3019872 035 $a(CaPaEBR)ebr10674880 035 $a(OCoLC)793206745 035 $a(EXLCZ)992560000000081137 100 $a20100331d2010 uy 0 101 0 $aeng 135 $aur|n|---||||| 181 $ctxt 182 $cc 183 $acr 200 00$aTelomerase$b[electronic resource] $ecomposition, functions and clinical implications /$fAiden N. Gagnon, [editor] 210 $aNew York $cNova Science Publishers, Inc.$dc2010 215 $a1 online resource (173 p.) 225 1 $aDNA--properties and modifications, functions and interactions, recombination and applications 300 $a"Nova biomedical." 311 $a1-61668-957-9 320 $aIncludes bibliographical references and index. 327 $aTelomerase beyond telomeres : new roles for an old enzyme / Gabriele Saretzki -- Telomerase and telomeric proteins : a life beyond telomeres / Ilaria Chiodi, Cristina Belgiovine, Chiara Mondello -- Histone deacetylase inhibition as an anticancer telomerase-targeting strategy / Ruman Rahman -- Telomerase role in pituitary adenomas / A. Ortiz-Plata -- Regulations of telomerase activity and WRN gene expression / Fumiaki Uchiumi, Yoshikazu Higami, Sei-ichi Tanuma -- Telomerase and telomere dynamics in cancer : clinical application for cancer diagnosis / Eiso Hiyama, Keiko Hiyama. 410 0$aDNA--properties and modifications, functions and interactions, recombination and applications series. 606 $aTelomerase 615 0$aTelomerase. 676 $a616.99/40642 701 $aGagnon$b Aiden N$01478888 801 0$bMiAaPQ 801 1$bMiAaPQ 801 2$bMiAaPQ 906 $aBOOK 912 $a9910791958603321 996 $aTelomerase$93694736 997 $aUNINA